MARC

LEADER 00000nam0a2200000 4500
001 360164
005 20250211063213.0
035 |a (RuTPU)RU\TPU\retro\17472 
035 |a RU\TPU\retro\17467 
090 |a 360164 
100 |a 20210315d1972 k y0rusy5003 ca 
101 0 |a rus 
102 |a RU 
105 |a y z 001zy 
200 1 |a Электрохимия  |e [тематический сборник]  |f Московский энергетический институт ; под ред. Н. В. Коровина ; под ред. А. Г. Кичеева ; под ред. Н. И. Кудинова 
210 |a Москва  |c Изд-во МЭИ  |d 1972 
215 |a 116 с.  |c табл., ил. 
225 1 |a Труды Московского энергетического института (МЭИ)  |v Вып. 112 
320 |a Библиогр. в конце ст. 
500 1 0 |a Труды Московского энергетического института  |9 88841 
606 1 |a Электрохимия  |2 stltpush  |3 (RuTPU)RU\TPU\subj\21014  |9 46066 
610 1 |a электрокатализ 
610 1 |a никель-цинковые катализаторы 
610 1 |a получение 
610 1 |a палладиевая чернь 
610 1 |a электрокаталитические свойства 
610 1 |a продукты реакции 
610 1 |a кинетика восстановления 
610 1 |a серебряные электроды 
610 1 |a никелевые электроды 
610 1 |a каталитическая активность 
610 1 |a сорбция 
610 1 |a окисление 
610 1 |a пористые электроды 
675 |a 544.6  |v 3 
702 1 |a Коровин  |b Н. В.  |4 340 
702 1 |a Кичеев  |b А. Г.  |4 340 
702 1 |a Кудинов  |b Н. И.  |4 340 
712 0 2 |a Московский энергетический институт  |c (1930-1992)  |3 (RuTPU)RU\TPU\col\20092  |9 27693 
801 0 |a RU  |b 63413507  |c 19950704  |g psbo 
801 1 |a RU  |b 63413507  |c 20060118  |g PSBO 
801 2 |a RU  |b 63413507  |c 20220208  |g PSBO 
942 |c BK